Personnalités de A à Z (11) - Statistiques

Statistiques générales
  • Ce quiz a été pris 70 fois
  • Le résultat moyen est 8 sur 23
Statistiques - réponses
Par images Réponse % Correct
Nicolas {Hulot}
95%
Pierre {Perret}
82%
Nathalie {Baye}
78%
Pierre {Richard}
78%
Nathalie {Arthaud}
63%
Pierre {Desproges}
63%
Quentin {Tarentino}
55%
Nathalie {Simon}
52%
Nicole {Croisille}
52%
Nicole {Garcia}
42%
Pauline {Lafont}
33%
Nathalie {Kosciusko-Morizet}
28%
Nicolas {Fouquet}
23%
Odette {Joyeux}
22%
Paul {Young}
20%
Nathalie {Marquay}
18%
Nicole {Notat}
10%
Nathalie {Vincent}
8%
Pascale {Ogier}
8%
Paul {Quilès}
8%
Noémie {Elbaz}
3%
Patrick {Wayne}
0%
Philippe {Zdar}
0%
Aucun quiz correspondant
Distribution des résultats
% des personnes avec chaque résultat
Percentile par nombre de réponses
Votre historique - résultats
Vous n’avez pas pris ce quiz